00311nam a2200109Ia 4500008004100000082000800041100001800049245001800067942000600085952009500091999001500186240331s9999 xx 000 0 und d bSEL aSelvarasan, S 0aRomeo Juliet  cL 001040708LaWERCLbWERCLcSSCd2024-03-31l0o 800 SELp1593r2024-03-31w2024-03-31yL c3727d3727